00852nam a2200241 a 450000100060000000300080000600500170001400800410003102000180007203500190009004000270010904100080013608200260014410000240017024501010019426000600029530000360035550400640039165000420045565000350049770000480053270000300058066317BD-RjUL20211209081525.0100511s20092004ii a b 001 0 eng  a9788177588989 a(BD-RjUL)66447 aDLCcDLCbengdBD-RjUL aeng 223a621.367bGOD 20091 aGonzalez, Rafael C.10aDigital Image processing using MATLAB /cRafael C. Gonzalez, Richard E. Woods, Steven L. Eddins. aNew Delhi :bPearson Education,c2004 [impression 2009] axviii, 620 p. :bill. ;c25 cm. aIncludes bibliographical references (p. 813-816) and index. 0aImage processingxDigital techniques. 0aImage processingxMathematics.1 aWoods, Richard E.q(Richard Eugene),d1954-1 aEddins, Steven L.,d1964-